Loading...
| Science - Other Science | 0 | 3 | 1 | 1 | 25 | 35 | 60.00 | 0 | 3 |
| Social Science | 0 | 1 | 0 | 0 | 10 | 79 | 79.00 | 0 | 0 |
| Philosophy | 0 | 1 | 0 | 0 | 10 | 88 | 88.00 | 0 | 1 |
| Religion | 0 | 1 | 0 | 1 | 10 | 114 | 114.00 | 0 | 1 |
| Science - Physics | 0 | 1 | 0 | 1 | 10 | 99 | 99.00 | 0 | 0 |
| Current Events | 0 | 1 | 0 | 0 | 10 | 46 | 46.00 | 0 | 0 |
| History - World History | 0 | 1 | 0 | 1 | 10 | 108 | 108.00 | 0 | 0 |
| Literature - British Literature | 0 | 1 | 0 | 1 | 10 | 115 | 115.00 | 0 | 1 |
| Literature - European Literature | 0 | 1 | 0 | 1 | 10 | 125 | 125.00 | 0 | 0 |
| Literature - World Literature | 0 | 1 | 0 | 0 | 10 | 63 | 63.00 | 0 | 1 |
| Mythology | 0 | 1 | 0 | 0 | 10 | 113 | 113.00 | 0 | 0 |
| Fine Arts - Other Fine Arts | 0 | 1 | 1 | 1 | 5 | 123 | 123.00 | 0 | 0 |
| Geography | 0 | 1 | 1 | 1 | 5 | 117 | 117.00 | 0 | 0 |
| Fine Arts - Classical Music | 0 | 0 | 0 | 0 | 0 | 0.00 | 0 | 0 | |
| History - American History | 0 | 0 | 1 | 0 | -5 | 0.00 | 0 | 0 |